| 000 | 00553nam a22001817a 4500 | ||
|---|---|---|---|
| 999 |
_c17764 _d17764 |
||
| 003 | AR-CdUCM | ||
| 008 | 190508b ||||| |||| 00| 0 spa d | ||
| 040 |
_aMUNICIPALIDAD PROVINCIAL DEL CUSCO _cBIBLIOTECA MUNICIPAL DEL CUSCO |
||
| 082 |
_a868.23 / _bR78 |
||
| 100 |
_aRojas, Fernando de _916710 |
||
| 245 | _aLa celestina o comedia de Calisto y Melibea / | ||
| 260 |
_aBuenos Aires : _bLosada, _c1938.. |
||
| 300 |
_a296 páginas ; _c20 cm. |
||
| 505 | _aContenido: Teatro. | ||
| 650 |
_aTeatro español _9648 |
||
| 942 |
_2ddc _cLIBROS |
||
| 945 | _arcc | ||